000 08109nas1a22005771i 4500
001 RU\NLR\INFOCOMM31\5000104232
005 20240726055359.0
035 _a(NLR Aleph) 002430366
090 _a1988028
_c1988028
100 _a20050208c1982 |||y0rusy50 ca
101 0 _arus
102 _aRU
110 _aayuzz 0|y|
200 1 _aЭкономика машиностроения для легкой и пищевой промышленности и бытовых приборов
_eОбзор. информ.
_fСССР. М-во машиностроения для легкой и пищевой пром-сти и бытовых приборов. ЦНИИ информации и техн.-экон. исследований (ЦНИИТЭИлегпищемаш)
210 _aМ.
_d1982-
801 1 _aRU
_bInfoComm
_c20050208
801 0 _aRU
_bNLR
_gPSBO
852 _aNLR
_jП22/4989
942 _cJOURNAL
980 _aRUSPER